mlp- name a valid character - Statistics

General Stats
  • This quiz has been taken 128 times
  • The average score is 9 of 12
Answer Stats
Hint Answer % Correct
In the mane six (6) rainbow dashtwilight sparkle rarity fluttershy applejack pinkie pie
99%
Who lives on sweet apple acres (4) apple jackgranny smith big mac apple bloom
97%
a princess (4) twilight sparklecelestia luna cadance
92%
a common villain/former villain (8) tirekchrysalis cozy glow discord king sombra starlight glimmer daybreaker nightmare moon
85%
main dragons (2) emberspike
80%
In the CMC (3) sweetie belleapple bloom scootaloo
80%
a filly who is/was a bully (3) babs seeddiamond tiara silver spoon
79%
A mane six pet (6) winonagummy tank owlowiscious opal angel
74%
someone part of the cake family (4) carrot cakecup cake/chiffon swirl
pound cake pumpkin cake
62%
mlp schools (3) Celestia’s school for gifted unicornsPonyville schoolhouse School of Friendship
54%
Name an animal involved in a stampede/swarm (4) cowbuffalo parasprite
43%
Name a VERY common phrase applejack says sweet celestiawhat in tarnation yee haw
27%
No matching quizzes found
Score Distribution
Percent of People with Each Score
Percentile by Number Answered
Your Score History
You have not taken this quiz